[Event "DEM U10w 2022"]
[Site "Willingen GER"]
[Date "2022.06.07"]
[Round "5"]
[White "Mersmann, Jasmin"]
[Black "Nönnig, Lotte"]
[Result "1/2-1/2"]
[Termination "normal"]
[Board "9"]
[WhiteElo "1099"]
[BlackElo "1049"]
[WhiteClock "00:46:18"]
[BlackClock "00:05:38"]
[PlyCount "106"]
[WhiteFideId "34630287"]
[BlackFideId "34611509"]
[EventCountry "GER"]
[EventRounds "11"]
[EventType "swiss"]
[EventDate "2022.06.04"]

1. d4 {[%clk 01:15:58]} {[%emt 00:00:02]} d5 {[%clk 01:15:53]} {[%emt
00:00:07]} 2. Bg5 {[%clk 01:15:52]} {[%emt 00:00:36]} Nc6 {[%clk 01:15:23]}
{[%emt 00:01:00]} 3. Nf3 {[%clk 01:16:08]} {[%emt 00:00:14]} Nf6 {[%clk
01:15:22]} {[%emt 00:00:31]} 4. c4 {[%clk 01:16:14]} {[%emt 00:00:25]} dxc4
{[%clk 01:14:06]} {[%emt 00:01:44]} 5. e3 {[%clk 01:16:32]} {[%emt 00:00:13]}
Bf5 {[%clk 01:08:00]} {[%emt 00:06:37]} 6. Bxc4 {[%clk 01:16:35]} {[%emt
00:00:27]} e6 {[%clk 01:07:07]} {[%emt 00:01:23]} 7. O-O {[%clk 01:14:48]}
{[%emt 00:02:17]} Bd6 {[%clk 01:06:52]} {[%emt 00:00:45]} 8. h3 {[%clk
01:14:33]} {[%emt 00:00:44]} O-O {[%clk 01:06:20]} {[%emt 00:01:02]} 9. Nc3
{[%clk 01:14:52]} {[%emt 00:00:11]} Qe7 {[%clk 01:02:15]} {[%emt 00:04:34]} 10.
e4 {[%clk 01:13:30]} {[%emt 00:01:53]} h6 {[%clk 00:51:21]} {[%emt 00:11:25]}
11. Bxh6 {[%emt 00:02:48]} gxh6 {[%clk 00:49:38]} {[%emt 00:02:07]} 12. exf5
{[%clk 01:09:21]} {[%emt 00:02:26]} exf5 {[%clk 00:48:39]} {[%emt 00:01:29]}
13. Qd2 {[%clk 01:08:11]} {[%emt 00:01:40]} Kh7 {[%clk 00:46:58]} {[%emt
00:02:11]} 14. Bd3 {[%clk 01:08:06]} {[%emt 00:00:36]} Ne4 {[%clk 00:45:49]}
{[%emt 00:01:38]} 15. Qc1 {[%clk 01:07:48]} {[%emt 00:00:48]} Rg8 {[%clk
00:45:09]} {[%emt 00:01:10]} 16. Re1 {[%clk 01:07:29]} {[%emt 00:00:49]} Bb4
{[%clk 00:35:04]} {[%emt 00:10:35]} 17. Nd2 {[%clk 01:05:56]} {[%emt 00:02:03]}
Bxc3 {[%clk 00:34:09]} {[%emt 00:01:25]} 18. bxc3 {[%clk 01:06:06]} {[%emt
00:00:20]} Qg5 {[%clk 00:33:54]} {[%emt 00:00:44]} 19. Bxe4 {[%clk 01:05:00]}
{[%emt 00:01:37]} fxe4 {[%clk 00:34:14]} {[%emt 00:00:10]} 20. g3 {[%clk
01:04:56]} {[%emt 00:00:35]} Qf5 {[%clk 00:33:37]} {[%emt 00:01:01]} 21. Kg2
{[%clk 01:04:57]} {[%emt 00:00:34]} Rae8 {[%clk 00:32:16]} {[%emt 00:01:50]}
22. Nf1 {[%clk 01:02:35]} {[%emt 00:02:52]} Rg5 {[%clk 00:30:09]} {[%emt
00:02:36]} 23. Ne3 {[%clk 01:02:46]} {[%emt 00:00:22]} Qf3+ {[%clk 00:28:05]}
{[%emt 00:02:33]} 24. Kg1 {[%clk 00:59:26]} {[%emt 00:03:49]} f5 {[%clk
00:27:37]} {[%emt 00:00:59]} 25. Qd1 {[%clk 00:59:16]} {[%emt 00:00:40]} Qf4
{[%clk 00:25:26]} {[%emt 00:02:40]} 26. Ng2 {[%clk 00:58:55]} {[%emt 00:00:52]}
Qd6 {[%clk 00:25:01]} {[%emt 00:00:54]} 27. Nf4 {[%clk 00:58:33]} {[%emt
00:00:54]} Qxf4 {[%clk 00:25:15]} {[%emt 00:00:15]} 28. Qc1 {[%clk 00:57:30]}
{[%emt 00:01:33]} Qh4 {[%clk 00:24:32]} {[%emt 00:01:09]} 29. Kh2 {[%clk
00:57:44]} {[%emt 00:00:18]} Qh5 {[%clk 00:24:04]} {[%emt 00:00:57]} 30. Qf4
{[%clk 00:57:19]} {[%emt 00:00:57]} Re7 {[%clk 00:22:40]} {[%emt 00:01:53]} 31.
Rab1 {[%clk 00:56:53]} {[%emt 00:00:58]} Rg4 {[%clk 00:21:42]} {[%emt
00:01:26]} 32. Qe3 {[%clk 00:55:35]} {[%emt 00:01:49]} Rf7 {[%clk 00:21:05]}
{[%emt 00:01:03]} 33. Rg1 {[%clk 00:55:23]} {[%emt 00:00:46]} f4 {[%clk
00:19:42]} {[%emt 00:01:54]} 34. Qxe4+ {[%clk 00:55:23]} {[%emt 00:00:31]} Kg7
{[%clk 00:19:07]} {[%emt 00:01:05]} 35. gxf4 {[%clk 00:55:19]} {[%emt
00:00:32]} Rxg1 {[%clk 00:15:33]} {[%emt 00:04:05]} 36. Rxg1+ {[%clk 00:55:37]}
{[%emt 00:00:12]} Kf8 {[%clk 00:15:12]} {[%emt 00:00:51]} 37. d5 {[%clk
00:54:24]} {[%emt 00:01:43]} Ne7 {[%clk 00:14:48]} {[%emt 00:00:53]} 38. Qd4
{[%clk 00:53:36]} {[%emt 00:01:19]} Ke8 {[%clk 00:12:09]} {[%emt 00:03:07]} 39.
Qe4 {[%clk 00:50:39]} {[%emt 00:03:29]} Qxd5 {[%clk 00:11:37]} {[%emt
00:01:02]} 40. Rg8+ {[%clk 00:48:49]} {[%emt 00:02:20]} Rf8 {[%clk 00:10:59]}
{[%emt 00:01:08]} 41. Qa4+ {[%clk 00:46:49]} {[%emt 00:02:31]} b5 {[%clk
00:10:37]} {[%emt 00:00:51]} 42. Rxf8+ {[%clk 00:46:40]} {[%emt 00:00:38]} Kxf8
{[%clk 00:10:36]} {[%emt 00:00:31]} 43. Qxa7 {[%clk 00:46:38]} {[%emt
00:00:33]} Qd6 {[%clk 00:09:49]} {[%emt 00:01:09]} 44. Qb8+ {[%clk 00:46:18]}
{[%emt 00:00:58]} Kf7 {[%clk 00:09:20]} {[%emt 00:00:59]} 45. Qxb5 {[%clk
00:46:18]} {[%emt 00:00:30]} Qxf4+ {[%clk 00:09:40]} {[%emt 00:00:09]} 46. Kg1
{[%clk 00:46:38]} {[%emt 00:00:10]} Qc1+ {[%clk 00:09:15]} {[%emt 00:00:55]}
47. Kg2 {[%clk 00:46:23]} {[%emt 00:00:46]} Qxc3 {[%clk 00:09:18]} {[%emt
00:00:28]} 48. Qh5+ {[%clk 00:46:30]} {[%emt 00:00:22]} Kg7 {[%clk 00:08:43]}
{[%emt 00:01:08]} 49. Qg4+ {[%clk 00:46:44]} {[%emt 00:00:21]} Kf7 {[%clk
00:08:30]} {[%emt 00:00:39]} 50. Qf4+ {[%clk 00:46:46]} {[%emt 00:00:31]} Kg7
{[%clk 00:06:56]} {[%emt 00:02:05]} 51. Qg4+ {[%clk 00:46:05]} {[%emt
00:01:09]} Kf7 {[%clk 00:05:22]} {[%emt 00:02:09]} 52. Qf4+ {[%clk 00:46:14]}
{[%emt 00:00:24]} Qf6 {[%clk 00:05:38]} {[%emt 00:00:13]} 53. Qxc7 {[%clk
00:46:18]} {[%emt 00:00:27]} Qe6 {[%emt 00:01:38]} 1/2-1/2

[Event "DEM U10w 2022"]
[Site "Willingen GER"]
[Date "2022.06.07"]
[Round "5"]
[White "Heidtkamp, Anna"]
[Black "Lola, Georgia-Maria"]
[Result "1-0"]
[Termination "normal"]
[Board "10"]
[WhiteElo "1163"]
[BlackElo "1016"]
[WhiteClock "00:38:22"]
[BlackClock "01:20:28"]
[PlyCount "149"]
[WhiteFideId "16269012"]
[BlackFideId "34629335"]
[EventCountry "GER"]
[EventRounds "11"]
[EventType "swiss"]
[EventDate "2022.06.04"]

1. e4 {[%clk 01:15:57]} {[%emt 00:00:03]} e5 {[%clk 01:15:53]} {[%emt
00:00:07]} 2. Nf3 {[%clk 01:16:23]} {[%emt 00:00:04]} Nc6 {[%clk 01:16:17]}
{[%emt 00:00:06]} 3. Bc4 {[%clk 01:16:47]} {[%emt 00:00:07]} Nf6 {[%clk
01:16:40]} {[%emt 00:00:07]} 4. d3 {[%clk 01:16:45]} {[%emt 00:00:32]} Bc5
{[%clk 01:17:01]} {[%emt 00:00:09]} 5. Nc3 {[%clk 01:17:00]} O-O {[%clk
01:17:22]} {[%emt 00:00:23]} 6. a3 {[%clk 01:17:00]} Be7 {[%clk 01:17:32]}
{[%emt 00:00:51]} 7. Be3 {[%clk 01:17:02]} d6 {[%clk 01:17:41]} {[%emt
00:00:49]} 8. h3 {[%clk 01:17:13]} {[%emt 00:00:19]} a6 {[%clk 01:17:37]}
{[%emt 00:00:34]} 9. O-O {[%clk 01:17:32]} {[%emt 00:00:11]} h6 {[%clk
01:17:57]} {[%emt 00:00:10]} 10. Qd2 {[%clk 01:12:29]} {[%emt 00:05:33]} b5
{[%clk 01:17:11]} {[%emt 00:01:16]} 11. Ba2 {[%clk 01:12:22]} {[%emt 00:00:37]}
Nd4 {[%clk 01:16:57]} {[%emt 00:00:44]} 12. Bxd4 {[%clk 01:11:37]} {[%emt
00:01:15]} exd4 {[%clk 01:17:20]} {[%emt 00:00:07]} 13. Nxd4 {[%clk 01:11:43]}
{[%emt 00:00:23]} c5 {[%clk 01:17:44]} {[%emt 00:00:04]} 14. Nc6 {[%clk
01:10:17]} {[%emt 00:01:59]} Qc7 {[%clk 01:17:41]} {[%emt 00:00:33]} 15. Nxe7+
{[%clk 01:10:31]} {[%emt 00:00:16]} Qxe7 {[%clk 01:18:01]} {[%emt 00:00:09]}
16. Rfe1 {[%clk 01:10:39]} {[%emt 00:00:22]} Nh7 {[%clk 01:17:59]} {[%emt
00:00:31]} 17. Nd5 {[%clk 01:09:14]} {[%emt 00:01:57]} Qg5 {[%clk 01:17:30]}
{[%emt 00:00:59]} 18. Qxg5 {[%clk 01:07:45]} {[%emt 00:01:58]} Nxg5 {[%clk
01:17:53]} {[%emt 00:00:08]} 19. Nc7 {[%clk 01:05:51]} {[%emt 00:02:24]} Ra7
{[%clk 01:16:53]} {[%emt 00:01:30]} 20. Nd5 {[%clk 01:04:55]} {[%emt 00:01:26]}
Kh7 {[%clk 01:16:28]} {[%emt 00:00:53]} 21. Re2 {[%clk 01:03:41]} {[%emt
00:01:45]} Re8 {[%clk 01:16:28]} {[%emt 00:00:21]} 22. f4 {[%clk 01:02:37]}
{[%emt 00:01:43]} Ne6 {[%clk 01:16:26]} {[%emt 00:00:29]} 23. c3 {[%clk
01:02:10]} {[%emt 00:01:00]} Nc7 {[%clk 01:16:28]} {[%emt 00:00:25]} 24. Nb6
{[%clk 01:01:48]} {[%emt 00:00:56]} Be6 {[%clk 01:16:13]} {[%emt 00:00:45]} 25.
c4 {[%clk 00:54:02]} {[%emt 00:08:17]} g5 {[%clk 01:15:21]} {[%emt 00:01:19]}
26. f5 {[%clk 00:53:44]} {[%emt 00:00:51]} Bxf5 {[%clk 01:15:34]} {[%emt
00:00:13]} 27. cxb5 {[%clk 00:53:06]} {[%emt 00:01:11]} Nxb5 {[%clk 01:15:07]}
{[%emt 00:00:57]} 28. Nd5 {[%clk 00:52:06]} {[%emt 00:01:30]} Kg7 {[%clk
01:14:23]} {[%emt 00:01:13]} 29. Rf2 {[%clk 00:50:52]} {[%emt 00:01:45]} Be6
{[%clk 01:13:57]} {[%emt 00:00:43]} 30. Nf6 {[%clk 00:41:34]} {[%emt 00:10:01]}
Ree7 {[%clk 01:09:45]} {[%emt 00:04:42]} 31. Bxe6 {[%clk 00:40:59]} {[%emt
00:01:04]} Rxe6 {[%clk 01:09:35]} {[%emt 00:00:41]} 32. Nd5 {[%clk 00:40:33]}
{[%emt 00:00:56]} Nc7 {[%clk 01:08:17]} {[%emt 00:01:47]} 33. Nc3 {[%clk
00:36:51]} {[%emt 00:04:12]} Rf6 {[%clk 01:08:00]} {[%emt 00:00:44]} 34. Raf1
{[%clk 00:36:46]} {[%emt 00:00:38]} Rxf2 {[%clk 01:08:12]} {[%emt 00:00:18]}
35. Rxf2 {[%clk 00:37:10]} {[%emt 00:00:06]} Ra8 {[%clk 01:08:20]} {[%emt
00:00:22]} 36. Rc2 {[%clk 00:32:51]} {[%emt 00:04:50]} Nb5 {[%clk 01:08:05]}
{[%emt 00:00:44]} 37. Nxb5 {[%clk 00:32:29]} {[%emt 00:00:52]} axb5 {[%clk
01:08:21]} {[%emt 00:00:14]} 38. e5 {[%clk 00:31:48]} {[%emt 00:01:12]} c4
{[%clk 01:07:46]} {[%emt 00:01:05]} 39. dxc4 {[%clk 00:31:41]} {[%emt
00:00:37]} bxc4 {[%clk 01:08:07]} {[%emt 00:00:10]} 40. exd6 {[%clk 00:31:59]}
{[%emt 00:00:11]} Rd8 {[%clk 01:08:05]} {[%emt 00:00:31]} 41. Rxc4 {[%clk
00:31:55]} {[%emt 00:00:36]} Rxd6 {[%clk 01:08:27]} {[%emt 00:00:08]} 42. Rc1
{[%clk 00:29:37]} {[%emt 00:02:47]} h5 {[%clk 01:08:28]} {[%emt 00:00:29]} 43.
b4 {[%clk 00:29:08]} {[%emt 00:00:59]} g4 {[%clk 01:08:48]} {[%emt 00:00:10]}
44. h4 {[%clk 00:29:21]} {[%emt 00:00:16]} g3 {[%clk 01:09:10]} {[%emt
00:00:08]} 45. b5 {[%clk 00:28:53]} {[%emt 00:00:59]} Kf6 {[%clk 01:09:21]}
{[%emt 00:00:19]} 46. Rc6 {[%clk 00:28:50]} {[%emt 00:00:33]} Rxc6 {[%clk
01:09:31]} {[%emt 00:00:19]} 47. bxc6 {[%clk 00:29:11]} {[%emt 00:00:09]} Ke6
{[%clk 01:09:52]} {[%emt 00:00:08]} 48. Kf1 {[%clk 00:29:38]} {[%emt 00:00:04]}
Kd6 {[%clk 01:10:16]} {[%emt 00:00:06]} 49. Ke2 {[%clk 00:30:03]} {[%emt
00:00:05]} Kxc6 {[%clk 01:10:42]} {[%emt 00:00:06]} 50. Kf3 {[%clk 00:30:24]}
{[%emt 00:00:08]} Kb5 {[%clk 01:11:04]} {[%emt 00:00:08]} 51. Kxg3 {[%clk
00:30:43]} {[%emt 00:00:11]} Ka4 {[%clk 01:11:33]} {[%emt 00:00:01]} 52. Kf4
{[%clk 00:31:06]} {[%emt 00:00:07]} Kxa3 {[%clk 01:11:56]} {[%emt 00:00:07]}
53. Kg5 {[%clk 00:31:29]} {[%emt 00:00:06]} Kb3 {[%clk 01:12:19]} {[%emt
00:00:09]} 54. Kxh5 {[%clk 00:31:51]} {[%emt 00:00:07]} Kc3 {[%clk 01:12:48]}
{[%emt 00:00:01]} 55. g4 {[%clk 00:32:09]} {[%emt 00:00:12]} Kd4 {[%clk
01:13:12]} {[%emt 00:00:06]} 56. Kg5 {[%clk 00:32:30]} {[%emt 00:00:09]} Ke5
{[%clk 01:13:35]} {[%emt 00:00:07]} 57. h5 {[%clk 00:32:48]} {[%emt 00:00:11]}
f6 {[%clk 01:13:47]} {[%emt 00:00:20]} 58. Kg6 {[%clk 00:33:11]} {[%emt
00:00:06]} Kf4 {[%clk 01:14:02]} {[%emt 00:00:15]} 59. Kxf6 {[%clk 00:33:20]}
{[%emt 00:00:21]} Kxg4 {[%clk 01:14:26]} {[%emt 00:00:05]} 60. Kg6 {[%clk
00:33:44]} {[%emt 00:00:06]} Kh4 {[%clk 01:14:49]} {[%emt 00:00:07]} 61. h6
{[%clk 00:34:04]} {[%emt 00:00:44]} Kg4 {[%clk 01:15:14]} {[%emt 00:00:06]} 62.
h7 {[%clk 00:34:29]} {[%emt 00:00:05]} Kf4 {[%clk 01:15:39]} {[%emt 00:00:04]}
63. h8=Q {[%clk 00:34:51]} {[%emt 00:00:08]} Ke4 {[%clk 01:16:02]} {[%emt
00:00:08]} 64. Qf6 {[%clk 00:35:11]} {[%emt 00:00:09]} Ke3 {[%clk 01:16:25]}
{[%emt 00:00:07]} 65. Qf5 {[%clk 00:35:16]} {[%emt 00:00:26]} Ke2 {[%clk
01:16:50]} {[%emt 00:00:05]} 66. Qf4 {[%clk 00:35:34]} {[%emt 00:00:13]} Ke1
{[%clk 01:17:13]} {[%emt 00:00:06]} 67. Qe3+ {[%clk 00:35:37]} {[%emt
00:00:27]} Kd1 {[%clk 01:17:36]} {[%emt 00:00:07]} 68. Qf2 {[%clk 00:35:58]}
{[%emt 00:00:09]} Kc1 {[%clk 01:18:00]} {[%emt 00:00:06]} 69. Qe2 {[%clk
00:36:24]} {[%emt 00:00:04]} Kb1 {[%clk 01:18:26]} {[%emt 00:00:04]} 70. Qd2
{[%clk 00:36:44]} {[%emt 00:00:10]} Ka1 {[%clk 01:18:52]} {[%emt 00:00:04]} 71.
Kf5 {[%clk 00:37:08]} {[%emt 00:00:06]} Kb1 {[%clk 01:19:17]} {[%emt 00:00:05]}
72. Ke4 {[%clk 00:37:34]} {[%emt 00:00:04]} Ka1 {[%clk 01:19:42]} {[%emt
00:00:05]} 73. Kd3 {[%clk 00:37:57]} {[%emt 00:00:07]} Kb1 {[%clk 01:20:06]}
{[%emt 00:00:06]} 74. Kc3 {[%clk 00:38:22]} {[%emt 00:00:05]} Ka1 {[%clk
01:20:28]} {[%emt 00:00:08]} 75. Qb2# {[%emt 00:00:03]} 1-0

[Event "DEM U10w 2022"]
[Site "Willingen GER"]
[Date "2022.06.07"]
[Round "5"]
[White "Beimler, Annemarie"]
[Black "Margaryan, Mane"]
[Result "0-1"]
[Termination "normal"]
[Board "11"]
[WhiteElo "954"]
[BlackElo "1107"]
[WhiteClock "00:29:20"]
[BlackClock "00:29:04"]
[PlyCount "116"]
[BlackFideId "16268237"]
[EventCountry "GER"]
[EventRounds "11"]
[EventType "swiss"]
[EventDate "2022.06.04"]

1. a3 {[%clk 01:15:59]} {[%emt 00:00:01]} d5 {[%clk 01:15:53]} {[%emt
00:00:07]} 2. d4 {[%clk 01:16:25]} {[%emt 00:00:03]} c6 {[%clk 01:16:14]}
{[%emt 00:00:09]} 3. Nf3 {[%clk 01:14:43]} {[%emt 00:02:12]} Bf5 {[%clk
01:16:17]} {[%emt 00:00:27]} 4. Bf4 {[%clk 01:14:58]} {[%emt 00:00:15]} Nf6
{[%clk 01:16:07]} {[%emt 00:00:40]} 5. Nc3 {[%clk 01:13:57]} {[%emt 00:01:31]}
e6 {[%clk 01:15:51]} {[%emt 00:00:46]} 6. e3 {[%clk 01:11:56]} {[%emt
00:02:31]} Bd6 {[%clk 01:15:02]} {[%emt 00:01:20]} 7. Bg3 {[%clk 01:05:07]}
{[%emt 00:07:18]} O-O {[%clk 01:13:05]} {[%emt 00:02:27]} 8. Bd3 {[%clk
01:05:18]} {[%emt 00:00:19]} Bxd3 {[%clk 01:13:22]} {[%emt 00:00:13]} 9. Qxd3
{[%clk 01:02:23]} {[%emt 00:03:25]} Qc7 {[%clk 01:11:28]} {[%emt 00:02:23]} 10.
e4 {[%clk 00:55:01]} {[%emt 00:07:53]} dxe4 {[%clk 01:09:43]} {[%emt 00:02:14]}
11. Nxe4 {[%clk 00:55:23]} {[%emt 00:00:08]} Nxe4 {[%clk 01:09:45]} {[%emt
00:00:28]} 12. Qxe4 {[%clk 00:55:44]} {[%emt 00:00:09]} Nd7 {[%clk 01:09:00]}
{[%emt 00:01:16]} 13. O-O-O {[%clk 00:50:20]} {[%emt 00:05:55]} Nf6 {[%clk
01:07:24]} {[%emt 00:02:05]} 14. Bxd6 {[%clk 00:50:16]} {[%emt 00:00:34]} Nxe4
{[%clk 01:06:38]} {[%emt 00:01:17]} 15. Bxc7 {[%clk 00:50:08]} {[%emt
00:00:37]} Nxf2 {[%clk 01:07:01]} {[%emt 00:00:07]} 16. Rhe1 {[%clk 00:50:01]}
{[%emt 00:00:36]} Nxd1 {[%clk 01:07:03]} {[%emt 00:00:30]} 17. Rxd1 {[%clk
00:50:21]} {[%emt 00:00:09]} Rac8 {[%clk 01:05:51]} {[%emt 00:01:42]} 18. Bd6
{[%clk 00:49:49]} {[%emt 00:01:01]} Rfd8 {[%clk 01:05:47]} {[%emt 00:00:34]}
19. Bf4 {[%clk 00:47:04]} {[%emt 00:03:15]} a5 {[%clk 01:04:20]} {[%emt
00:01:59]} 20. a4 {[%clk 00:44:00]} {[%emt 00:03:33]} b5 {[%clk 01:02:52]}
{[%emt 00:01:58]} 21. Bd2 {[%clk 00:41:07]} {[%emt 00:03:22]} Ra8 {[%clk
01:01:32]} {[%emt 00:01:52]} 22. axb5 {[%clk 00:35:33]} {[%emt 00:06:03]} cxb5
{[%clk 01:01:37]} {[%emt 00:00:26]} 23. b4 {[%clk 00:34:08]} {[%emt 00:01:54]}
axb4 {[%clk 01:00:50]} {[%emt 00:01:17]} 24. Bxb4 {[%clk 00:34:31]} {[%emt
00:00:07]} Ra1+ {[%clk 01:01:01]} {[%emt 00:00:20]} 25. Kd2 {[%clk 00:34:53]}
{[%emt 00:00:07]} Rxd1+ {[%clk 01:01:00]} {[%emt 00:00:31]} 26. Kxd1 {[%clk
00:35:18]} {[%emt 00:00:05]} f5 {[%clk 01:00:56]} {[%emt 00:00:35]} 27. c3
{[%clk 00:35:31]} {[%emt 00:00:16]} h6 {[%clk 00:59:23]} {[%emt 00:02:03]} 28.
Ne5 {[%clk 00:34:27]} {[%emt 00:01:34]} g5 {[%clk 00:58:13]} {[%emt 00:01:40]}
29. Nc6 {[%clk 00:34:49]} {[%emt 00:00:08]} Rd7 {[%clk 00:55:37]} {[%emt
00:03:06]} 30. Kd2 {[%clk 00:32:22]} {[%emt 00:02:57]} f4 {[%clk 00:52:59]}
{[%emt 00:03:09]} 31. Kd3 {[%clk 00:32:20]} {[%emt 00:00:32]} Kg7 {[%clk
00:50:54]} {[%emt 00:02:33]} 32. c4 {[%clk 00:30:51]} {[%emt 00:02:00]} bxc4+
{[%clk 00:50:28]} {[%emt 00:00:56]} 33. Kxc4 {[%clk 00:31:14]} {[%emt
00:00:06]} h5 {[%clk 00:48:49]} {[%emt 00:02:09]} 34. Ba5 {[%clk 00:30:17]}
{[%emt 00:01:28]} g4 {[%clk 00:46:46]} {[%emt 00:02:32]} 35. Ne5 {[%clk
00:29:16]} {[%emt 00:01:32]} Rb7 {[%clk 00:43:56]} {[%emt 00:03:18]} 36. Kc5
{[%clk 00:28:09]} {[%emt 00:01:39]} Rb2 {[%clk 00:43:12]} {[%emt 00:01:13]} 37.
Kd6 {[%clk 00:28:19]} {[%emt 00:00:21]} Kf6 {[%clk 00:41:25]} {[%emt 00:02:16]}
38. g3 {[%clk 00:27:32]} {[%emt 00:01:18]} f3 {[%clk 00:40:16]} {[%emt
00:01:38]} 39. Bd8 {[%clk 00:26:32]} {[%emt 00:01:31]} Kf5 {[%clk 00:40:09]}
{[%emt 00:00:37]} 40. Nd3 {[%clk 00:26:47]} {[%emt 00:00:16]} f2 {[%clk
00:39:33]} {[%emt 00:01:05]} 41. Nxf2 {[%clk 00:25:12]} {[%emt 00:02:04]} Rxf2
{[%clk 00:39:25]} {[%emt 00:00:39]} 42. Bb6 {[%clk 00:24:34]} {[%emt 00:01:08]}
Rxh2 {[%clk 00:39:12]} {[%emt 00:00:43]} 43. Kc5 {[%clk 00:24:50]} {[%emt
00:00:14]} Rc2+ {[%clk 00:35:15]} {[%emt 00:04:27]} 44. Kb4 {[%clk 00:25:06]}
{[%emt 00:00:14]} Rb2+ {[%clk 00:35:09]} {[%emt 00:00:36]} 45. Kc5 {[%clk
00:25:26]} {[%emt 00:00:10]} Rb3 {[%clk 00:34:30]} {[%emt 00:01:08]} 46. Bc7
{[%clk 00:25:42]} {[%emt 00:00:15]} Rc3+ {[%clk 00:32:21]} {[%emt 00:02:38]}
47. Kb6 {[%clk 00:26:00]} {[%emt 00:00:12]} Rc2 {[%clk 00:27:49]} {[%emt
00:05:01]} 48. Kb5 {[%clk 00:26:10]} {[%emt 00:00:22]} Rxc7 {[%clk 00:27:42]}
{[%emt 00:00:37]} 49. Kb6 {[%clk 00:26:33]} {[%emt 00:00:07]} Rc3 {[%clk
00:27:44]} {[%emt 00:00:27]} 50. Kb5 {[%clk 00:26:56]} {[%emt 00:00:08]} Rxg3
{[%clk 00:28:06]} {[%emt 00:00:08]} 51. Kc4 {[%clk 00:27:22]} {[%emt 00:00:04]}
h4 {[%clk 00:28:30]} {[%emt 00:00:06]} 52. Kb4 {[%clk 00:27:16]} {[%emt
00:00:37]} h3 {[%clk 00:28:49]} {[%emt 00:00:11]} 53. Kc4 {[%clk 00:27:42]}
{[%emt 00:00:03]} h2 {[%clk 00:29:11]} {[%emt 00:00:08]} 54. Kb4 {[%clk
00:28:10]} {[%emt 00:00:02]} h1=Q {[%emt 00:00:12]} 55. Kc4 {[%clk 00:28:28]}
{[%emt 00:00:08]} Qd5+ {[%clk 00:29:32]} {[%emt 00:00:30]} 56. Kb4 {[%clk
00:28:53]} {[%emt 00:00:06]} Qc6 {[%clk 00:29:22]} {[%emt 00:00:40]} 57. Ka5
{[%emt 00:00:18]} Rb3 {[%clk 00:29:12]} {[%emt 00:00:33]} 58. d5 {[%clk
00:29:20]} {[%emt 00:00:22]} Qb5# {[%clk 00:29:04]} {[%emt 00:00:07]} 0-1

[Event "DEM U10w 2022"]
[Site "Willingen GER"]
[Date "2022.06.07"]
[Round "5"]
[White "Stiehler, Ellen"]
[Black "Marrufo, Adriana"]
[Result "1-0"]
[Termination "normal"]
[Board "13"]
[WhiteElo "918"]
[BlackElo "927"]
[PlyCount "49"]
[WhiteFideId "34663908"]
[BlackFideId "34630252"]
[EventCountry "GER"]
[EventRounds "11"]
[EventType "swiss"]
[EventDate "2022.06.04"]

1. e4 e5 2. Nf3 Nc6 3. Bc4 Bc5 4. O-O Nf6 5. d4 Bb6 6. dxe5 Nxe4 7. Nc3 Nxc3 8.
bxc3 d6 9. Ba3 Ba5 10. Qd5 Be6 11. Qe4 Bxc3 12. exd6 Qd7 13. Rad1 O-O-O 14.
dxc7 Qxc7 15. Bxe6+ fxe6 16. Qxe6+ Kb8 17. Bd6 Rxd6 18. Rxd6 Rf8 19. Qd7 Qa5
20. Rd5 Qxa2 21. Rb5 Qa6 22. Qd6+ Kc8 23. Qxf8+ Kd7 24. Rd1+ Ke6 25. Rd6# 1-0

[Event "DEM U10w 2022"]
[Site "Willingen GER"]
[Date "2022.06.07"]
[Round "5"]
[White "Albrecht, Sidney Jenna"]
[Black "Berger, Jennifer"]
[Result "0-1"]
[Termination "normal"]
[Board "14"]
[WhiteElo "814"]
[BlackElo "1046"]
[PlyCount "112"]
[WhiteFideId "34660283"]
[BlackFideId "34630074"]
[EventCountry "GER"]
[EventRounds "11"]
[EventType "swiss"]
[EventDate "2022.06.04"]

1. e4 e5 2. Nf3 Nc6 3. Bc4 Nf6 4. d4 exd4 5. O-O Bc5 6. e5 d5 7. exf6 dxc4 8.
Re1+ Be6 9. Ng5 Qxf6 10. Nxe6 fxe6 11. Qe2 e5 12. g3 O-O-O 13. Qxc4 Bb6 14. f4
Rhe8 15. b4 exf4 16. Rxe8 Rxe8 17. Bxf4 d3+ 18. Kg2 Qxa1 19. Nc3 dxc2 20. Qf7
Rd8 21. Bg5 Qxc3 22. Qf4 h6 23. Bxd8 c1=Q 24. Qf8 Nxd8 25. Qf5+ Kb8 26. Qd7 c6
27. Qd6+ Bc7 28. Qd7 Q3d2+ 29. Qxd2 Qxd2+ 30. Kh3 Qxb4 31. g4 Ne6 32. a3 Qxa3+
33. Kg2 Kc8 34. g5 Qb2+ 35. Kh3 Qxh2+ 36. Kg4 Qg3+ 37. Kf5 a5 38. Kxe6 Qe5+ 39.
Kf7 hxg5 40. Kg8 a4 41. Kf8 a3 42. Kg8 a2 43. Kf7 c5 44. Kf8 c4 45. Kf7 c3 46.
Kg6 a1=Q 47. Kf7 c2 48. Kg8 b5 49. Kf7 b4 50. Kg8 b3 51. Kf7 b2 52. Kg8 b1=Q
53. Kf7 c1=Q 54. Kf8 Qcf4+ 55. Kg8 Qa8 56. Kh8 Kd7# 0-1

[Event "DEM U10w 2022"]
[Site "Willingen GER"]
[Date "2022.06.07"]
[Round "5"]
[White "Burchardi, Helena"]
[Black "Jiang, Lucia"]
[Result "1-0"]
[Termination "normal"]
[Board "15"]
[WhiteElo "802"]
[BlackElo "919"]
[PlyCount "99"]
[WhiteFideId "34636374"]
[EventCountry "GER"]
[EventRounds "11"]
[EventType "swiss"]
[EventDate "2022.06.04"]

1. e4 e5 2. Nf3 Nc6 3. Bc4 Bc5 4. c3 Nf6 5. d4 exd4 6. O-O d6 7. cxd4 Bxd4 8.
Nxd4 Nxd4 9. Qxd4 c5 10. Qd3 Be6 11. Bxe6 fxe6 12. Qc4 Qe7 13. Re1 Rd8 14. Qa4+
Rd7 15. Qxa7 O-O 16. Nc3 Rfd8 17. g3 Qf7 18. Bg5 Re8 19. Rad1 e5 20. Bxf6 Qxf6
21. Qa4 Qe7 22. Re3 Rf8 23. Rdd3 Rc8 24. Rf3 Rcd8 25. Qc4+ Kh8 26. Nd5 Qe6 27.
Nb6 Qxc4 28. Nxc4 h6 29. Rf5 b5 30. Nb6 Rb7 31. Nd5 Ra7 32. a3 c4 33. Rc3 Rb8
34. Nb4 Rc8 35. b3 Rxa3 36. Nc2 Ra2 37. bxc4 bxc4 38. Rf7 Rc5 39. Rd7 Ra6 40.
Nb4 Rb6 41. Nd5 Rbc6 42. Ne7 Ra6 43. Nf5 Ra8 44. Rxg7 Rc6 45. Rc1 Rc5 46. Rb1
d5 47. Rbb7 dxe4 48. Rh7+ Kg8 49. Rbg7+ Kf8 50. Rh8# 1-0